| 000 | 00416nam a2200145Ia 4500 | ||
|---|---|---|---|
| 008 | 230917s9999||||xx |||||||||||||| ||und|| | ||
| 040 |
_e215787 _aMAIN |
||
| 041 | _aEnglish | ||
| 082 | _a820.92 A14M | ||
| 100 | _aAtma Ram, ed. | ||
| 245 | 0 | _aMulk Raj Anand: A reader:Selections from his fictional and non-fictional writings | |
| 260 |
_aNew Delhi _bSahitya Akadami _c2005 |
||
| 300 | _axvii, 640 p. | ||
| 942 | _cBK | ||
| 999 |
_c177750 _d177750 |
||